Elementary aspects of peasant insurgency in colonial India /

Bibliographic Details
Main Author: Guha, Ranajit
Format: Book
Language:English
Published: Delhi : Oxford, 1983.
Subjects:

MARC

Tag First Indicator Second Indicator Subfields
LEADER 00000cam a2200000 a 4500
001 in00000524521
005 20151013084917.0
008 831028s1983 ii b 00110 eng
010 |a  83904630  
020 |a 0195615174 :  |c Rs140.00 
035 |a (OCoLC)10322916 
035 |9 ACF5909AM 
039 0 |a 2  |b 3  |c 3  |d 3  |e 3 
040 |a DLC  |c DLC  |d OCL  |d TXA  |d UtOrBLW 
043 |a a-ii--- 
049 |a TXAM 
050 0 0 |a DS463  |b .G84 1983 
082 0 |a 954.03  |2 19 
100 1 |a Guha, Ranajit. 
245 1 0 |a Elementary aspects of peasant insurgency in colonial India /  |c Ranajit Guha. 
264 1 |a Delhi :  |b Oxford,  |c 1983. 
300 |a viii, 361 pages ;  |c 23 cm. 
336 |a text  |b txt  |2 rdacontent 
337 |a unmediated  |b n  |2 rdamedia 
338 |a volume  |b nc  |2 rdacarrier 
500 |a Includes index. 
504 |a Bibliography: pages [345]-354. 
650 0 |a Peasant uprisings  |z India. 
651 0 |a India  |x Politics and government  |y 1765-1947. 
999 |a MARS 
999 f f |s 7e6ed257-c306-3934-be7d-e7b9cf29af2a  |i 27cc6be4-a62b-3159-8160-bf53f4ee994c  |t 0 
952 f f |p ric  |a Texas A&M University  |b Rellis Campus  |c Joint Library Facility  |d Remote Storage  |t 0  |e DS463 .G84 1983  |h Library of Congress classification  |i unmediated -- volume  |m A14808032537 
998 f f |a DS463 .G84 1983  |t 0  |l Remote Storage